000 01456cam a22002655a 4500
001 L158192
008 131008s2014 xxk f 000 0 eng d
020 _a9781848063839
020 _a9781848063921
_q(4-part set)
035 _a(Sirsi) u158192
041 0 _aeng
100 1 _aHolden, John
245 0 0 _aRenewable energy sources
_bHow they work and what they deliver
_nPart 2
_pWood fuels
260 _aWatford
_bBRE
_c2014
300 _a8p.
_bill.
_c30cm.
490 0 _aBRE Digest
_v(DG 532-2)
520 _aProvides an overview of the technical and operational characteristics of biomass systems within the scope of the Microgeneration Certification Scheme (MCS). Standards and specifications are covered, including certification, safety and incentives (such as the Renewable Heat Incentive and Green Deal). Altough some technical information is given, it is not intended as an installation guide. The intended readership includes landlords, housing associations, local authorities, developers, architects and consultants. This is one in a series of four related Digests focusing on a renewable energy technology commonly used in domestic buildings. The other technologies covered includes photovoltaics, heat pumps and solar thermal collectors.
521 _aAdvanced
590 _aKA
650 2 4 _aMicrogeneration Certification Scheme
651 4 _aENGLAND AND WALES
690 _aRenewables
_96265
690 _aEnergy
_96237
942 _n0
999 _c115192
_d115192